| 000 | 00490nam a2200181 4500 | ||
|---|---|---|---|
| 003 | SEACOMMC | ||
| 005 | 20250719114419.0 | ||
| 008 | 240924b |||||||| |||| 00| 0 eng d | ||
| 020 |
_a 81-8631-450-4 _cRs.150.00 |
||
| 040 | _aSEACOMMC | ||
| 082 |
_a428.2 _bG411 |
||
| 100 | _aGhanekar, Anjali | ||
| 245 | 1 |
_aCommunication Skills for Effective Management / _c Anjali Ghanekar |
|
| 250 | _a11th ed. | ||
| 260 |
_a Pune _b Everest Publishing House _c2007 |
||
| 650 | _aEnglish | ||
| 942 | _cBOOK | ||
| 999 |
_c589 _d589 |
||